| 000 | 01434nam a2200241Ia 4500 | ||
|---|---|---|---|
| 003 | Ost | ||
| 005 | 20260507074954.0 | ||
| 008 | 260507s9999||||xx |||||||||||||| ||und|| | ||
| 020 | _a9773681351 | ||
| 040 | _cfsecg | ||
| 041 | _aara | ||
| 082 | _a658.5 | ||
| 100 |
_aالصيرفي، محمد _eمؤلف |
||
| 245 | 0 |
_aإدارة الجودة الشاملة TQM : _bطريقك للحصول على شهادة الآيزو / _c محمد الصيرفي |
|
| 260 |
_aالاسكندرية: _bمؤسسسة حورس الدولية, _c2006 |
||
| 300 |
_a284 صفحة؛ _bإيضاحات ؛ _c24 سم |
||
| 490 | _aسلسلة أصدارات التدريب الإداري | ||
| 504 | _aببليوغرافيا:ص.283-284 | ||
| 520 | _aالمفهوم الحديث للجودة،تطور مفهوم الجودة،المفهوم الشامل للجودة،مسئولية تحديد الجودة،أهداف الجودة،سياسات الجودة،دعائم الجودة،قياس مستوى الجودة،مجالات تطبيق الجودة،الجودة الشاملة،تخطيط الجودة الشاملة،نظام معلومات الجودة،التغييرات التي يتطلبها تطبيق الجودة الشاملة،نماذج إدارة الجودة الشاملة،متى ينجح في تحقيق الجودة الشاملة | ||
| 653 | _aجودة الإنتاج | ||
| 653 | _aضبط الجودة | ||
| 942 | _cكتاب | ||
| 999 |
_c42013 _d42013 |
||